Church Commissioners for England v Mummery (VO) (Record no. 56932)
[ view plain ]
| 000 -LEADER | |
|---|---|
| fixed length control field | 01946cab a2200325 4500 |
| 001 - CONTROL NUMBER | |
| control field | ABS59737 |
| 008 - FIXED-LENGTH DATA ELEMENTS--GENERAL INFORMATION | |
| fixed length control field | 090401t1998 xxu||||| |||| 00| 0 eng d |
| 035 ## - SYSTEM CONTROL NUMBER | |
| System control number | (Sirsi) u89920 |
| 041 ## - LANGUAGE CODE | |
| Language code of text/sound track or separate title | eng |
| 245 ## - TITLE STATEMENT | |
| Title | Church Commissioners for England v Mummery (VO) |
| 260 ## - PUBLICATION, DISTRIBUTION, ETC. | |
| Date of publication, distribution, etc. | 1998 |
| 350 ## - PRICE (NR) (BK AM CF MU VM SE) [OBSOLETE] | |
| Price | 0 |
| 490 ## - SERIES STATEMENT | |
| Series statement | Rating Appeals |
| Volume/sequential designation | [1998] RA 327-390(33) |
| 520 ## - SUMMARY, ETC. | |
| Summary, etc. | LT 22 May 1998. The assessment of a multistorey car park forming part of the Marlowes Shopping Centre was determined by valuation tribunal at £158,085 RV with effect from 1 October 1990, and £209,520 RV with effect from 2 April 1992. The parties agreed that 420 car spaces, out of a total of about 1,170 were surplus to requirements. The appellant contended that the use of the hereditament was restricted to that of a shoppers` car park, and produced a £1 RV on a profits basis valuation. The VO defended £132,000 RV with effect from 1 October 1990 and £161,000 RV with effect from 2 April 1992, based on comparables. An issue between the parties was whether the pioneering allowance made at the first material day would apply to the totality of the valuation or be restricted to the valuation of the car spaces which were in frequent use. "Held" the appeals were allowed and the assessment reduced to £100,000 RV with effect from 1 October 1990 and to £132,500 with effect from 2 April 1992. |
| 650 ## - SUBJECT ADDED ENTRY--TOPICAL TERM | |
| Topical term or geographic name entry element | CAPITAL VALUATION |
| 650 ## - SUBJECT ADDED ENTRY--TOPICAL TERM | |
| Topical term or geographic name entry element | COMPARABLES |
| 650 ## - SUBJECT ADDED ENTRY--TOPICAL TERM | |
| Topical term or geographic name entry element | FREE CAR PARKING |
| 650 ## - SUBJECT ADDED ENTRY--TOPICAL TERM | |
| Topical term or geographic name entry element | K SHOE SHOPS V HARDY |
| 650 ## - SUBJECT ADDED ENTRY--TOPICAL TERM | |
| Topical term or geographic name entry element | LOTUS AND DELTA V CULVERWELL |
| 650 ## - SUBJECT ADDED ENTRY--TOPICAL TERM | |
| Topical term or geographic name entry element | MULTI STOREY CAR PARKS |
| 650 ## - SUBJECT ADDED ENTRY--TOPICAL TERM | |
| Topical term or geographic name entry element | RECEIPTS AND EXPENDITURE VALUATION METHOD |
| 650 ## - SUBJECT ADDED ENTRY--TOPICAL TERM | |
| Topical term or geographic name entry element | RATING ASSESSMENTS |
| 650 ## - SUBJECT ADDED ENTRY--TOPICAL TERM | |
| Topical term or geographic name entry element | RATING |
| 650 ## - SUBJECT ADDED ENTRY--TOPICAL TERM | |
| Topical term or geographic name entry element | SHREWSBURY SCHOOLS GOVERNORS V SHREWSBURY BC AND PLUMPTON (VO) |
| 650 ## - SUBJECT ADDED ENTRY--TOPICAL TERM | |
| Topical term or geographic name entry element | WALTHAM FOREST LBC V ANDREWS (VO) |
| 650 ## - SUBJECT ADDED ENTRY--TOPICAL TERM | |
| Topical term or geographic name entry element | WEIGHTING OF EVIDENCE |
| 690 ## - LOCAL SUBJECT ADDED ENTRY--TOPICAL TERM (OCLC, RLIN) | |
| Topical term or geographic name as entry element | RATING AND VALUATION-CASE LAW |
| 942 ## - ADDED ENTRY ELEMENTS (KOHA) | |
| Suppress in OPAC | 0 |
| 948 ## - LOCAL PROCESSING INFORMATION (OCLC); SERIES PART DESIGNATOR (RLIN) | |
| c (OCLC) | 25/11/1998 |
| Withdrawn status | Lost status | Source of classification or shelving scheme | Damaged status | Not for loan | Home library | Current library | Shelving location | Date acquired | Total Checkouts | Full call number | Barcode | Date last seen | Copy number | Price effective from | Koha item type |
|---|---|---|---|---|---|---|---|---|---|---|---|---|---|---|---|
| Dewey Decimal Classification | London | London | Journal article | 14/09/1999 | ABS59737 | 89920-1001 | 06/08/2019 | 1 | 06/08/2019 | Law report |